MARC

LEADER 00000nam0a2200000 4500
001 268598
005 20231101234200.0
035 |a (RuTPU)RU\TPU\book\291749 
090 |a 268598 
100 |a 20140905d1986 k y0rusy50 ca 
101 0 |a rus 
102 |a RU 
105 |a a z 001zy 
200 1 |a Моделирование гидротермических процессов водохранилищ-охладителей ТЭС и АЭС  |f И. И. Макаров, А. С. Соколов, С. Г. Шульман 
210 |a Москва  |c Энергоатомиздат  |d 1986 
215 |a 184 с.  |c ил. 
320 |a Библиогр.: с. 172-179 
606 1 |a Тепловые электрические станции  |x Водное хозяйство  |2 stltpush  |3 (RuTPU)RU\TPU\subj\59604  |9 77114 
610 1 |a гидротермические режимы 
610 1 |a моделирование 
610 1 |a водохранилища-охладители 
610 1 |a ТЭС 
610 1 |a АЭС 
610 1 |a математические модели 
610 1 |a математические модели 
610 1 |a идентификация 
610 1 |a энергокомплексы 
675 |a 621.311.22:628  |v 3 
700 1 |a Макаров  |b И. И.  |g Иван Иванович 
701 1 |a Соколов  |b А. С.  |g Алексей Сергеевич 
701 1 |a Шульман  |b С. Г.  |g Сергей Георгиевич 
801 1 |a RU  |b 63413507  |c 20140905 
801 2 |a RU  |b 63413507  |c 20170221  |g RCR 
942 |c BK